[Event "FAHIJ II"]
[Site "SchemingMind.com"]
[Date "2024.01.01"]
[Round "-"]
[White "eliecercruzr"]
[Black "JAHI"]
[Result "*"]
[WhiteCountry "CUB"]
[BlackCountry "INT"]
[WhiteElo "2383"]
[WhiteRD "60"]
[BlackElo "2197"]
[BlackRD "74"]
[GameID "740742"]

1. e4 f6 2. d4 a6 3. Nf3 a5 4. Bd3 Na6 5. O-O e6 6. c3 Be7 7. h3 Kf8 8. Re1 b6 9. e5 Bb7 10. exf6 Nxf6
11. Na3 Bxa3 12. bxa3 Kg8 13. Rb1 Qf8 14. c4 Re8 15. c5 Nb8 16. Ne5 Nc6 17. cxb6 cxb6 18. Rxb6 Ba8 19. Bc2 Nd5 20. Rb3 Nxe5
21. dxe5 Bc6 22. Rg3 Re7 23. Bh6 Nf4 24. Qg4 Ng6 25. Be3 Rf7 26. h4 Rf4 27. Bxf4 Qxf4 28. h5 Qxg4 29. Rxg4 Ne7 30. Rb1 Kf7
31. Rf4+ Nf5 32. Bxf5 exf5 33. Rxf5+ Ke6 34. Rg5 Kf7 35. e6+ Kf6 36. Rxa5 Kxe6 37. Re1+ Kd6 38. Rg5 g6 39. a4 gxh5 40. f3 Bxa4
41. Rxh5 Bc2 42. Rh4 Bf5 43. a4 Ra8 44. Ra1 Bg6 45. a5 Ra6 46. Rb4 Kc5 47. Rf4 d6 48. Rc1+ Kd5 49. Ra1 Kc5 50. g4 d5
51. Rf8 Kd4 52. Kf2 Bd3 53. f4 Kc3 54. Rb8 Ra7 55. Ra3+ Kd4 56. Kg3 Ba6 57. f5 Ke5 58. Re3+ Kd4 59. Kf4 Bd3 60. f6 Ra6
61. g5 Bg6 62. Ra3 Kc4 63. Ra4+ Kc5 64. Ke5 Bf7 65. Rb7 Bg6 66. Ra1 Kc4 67. Rb6 Ra8 68. a6 h6 69. gxh6 Re8+ 70. Re6 Rd8
71. Rc6+ Kd3 72. Ra3+ Kd2 73. Kd4 Re8 74. Ra2+ Kd1 75. a7 Re4+ 76. Kc5 Re8 77. Rh2 d4 78. Ra6 Re5+ 79. Kc4 Re2 80. a8=Q Rxh2
81. Qf3+ Kc1 82. Ra1+ Bb1 83. Qf4+ Kb2 84. Qxd4+ Kc1 85. Qe3+
*

[Event "FAHIJ II"]
[Site "SchemingMind.com"]
[Date "2023.12.31"]
[Round "-"]
[White "marandreo"]
[Black "eliecercruzr"]
[Result "1/2-1/2"]
[WhiteCountry "ITA"]
[BlackCountry "CUB"]
[WhiteElo "2247"]
[WhiteRD "191"]
[BlackElo "2292"]
[BlackRD "59"]
[GameID "740755"]

1. d4 Nf6 2. c4 e6 3. Nc3 Bb4 4. Qc2 d5 5. cxd5 exd5 6. Bg5 h6 7. Bh4 g5 8. Bg3 c5 9. dxc5 Ne4 10. e3 Qa5
11. Ne2 Bf5 12. Be5 O-O 13. Nd4 Nxc3 14. Nxf5 Ne4+ 15. Kd1 Nc6 16. Bd6 Bxc5 17. Bxc5 Nxc5 18. Qc3 Qxc3 19. bxc3 Ne4 20. Ke1 Nxc3
21. f3 d4 22. Kd2 Rac8 23. exd4 Nd5 24. Bd3 Nde7 25. Nxe7+ Nxe7 26. Rac1=
1/2-1/2

[Event "FAHIJ II"]
[Site "SchemingMind.com"]
[Date "2023.12.31"]
[Round "-"]
[White "eliecercruzr"]
[Black "Chessibelle"]
[Result "1-0"]
[WhiteCountry "CUB"]
[BlackCountry "ENG"]
[WhiteElo "2292"]
[WhiteRD "59"]
[BlackElo "1055"]
[BlackRD "56"]
[GameID "740756"]

1. e4 e5 2. Nf3 d6 3. d4 Bd7 4. c3 Nf6 5. Bc4 h6 6. O-O Nh7 7. Qb3 Be6 8. Bxe6 fxe6 9. Qxe6+ Be7 10. Qg6+ Kd7
11. Qg4+ Kc6 12. Qe6 Nf6 13. Nxe5+ Kb6 14. Qb3+ Ka6 15. Qa4+ Kb6 16. Nc4#
1-0

[Event "FAHIJ II"]
[Site "SchemingMind.com"]
[Date "2023.12.30"]
[Round "-"]
[White "Chesswitchery"]
[Black "Steven DuCharme"]
[Result "0-1"]
[WhiteCountry "USA"]
[BlackCountry "USA"]
[WhiteElo "1565"]
[WhiteRD "57"]
[BlackElo "1509"]
[BlackRD "51"]
[GameID "740757"]

1. d4 Nf6 2. c4 c5 3. Nf3 e6 4. e3 d5 5. Nc3 Be7 6. cxd5 exd5 7. Bb5+ Bd7 8. Bxd7+ Qxd7 9. dxc5 Bxc5 10. O-O O-O
11. Ne5 Qd6 12. f4 Nbd7 13. Nxd7 Qxd7 14. Kh1 a6 15. e4 dxe4 16. Qe2 Rfe8 17. Rd1 Qg4 18. Be3 Qxe2 19. Nxe2 Bxe3 20. g3 Rad8
21. Rxd8 Rxd8 22. Nc3 Rd2 23. Rb1 Bd4 24. h3 Bxc3 25. bxc3 b5 26. a3 e3 27. Kg1 Ne4 28. Rc1 e2 29. Re1 Nxc3
0-1

[Event "FAHIJ II"]
[Site "SchemingMind.com"]
[Date "2023.12.30"]
[Round "-"]
[White "Archon"]
[Black "Chesswitchery"]
[Result "1-0"]
[WhiteCountry "CAN"]
[BlackCountry "USA"]
[WhiteElo "1753"]
[WhiteRD "57"]
[BlackElo "1565"]
[BlackRD "57"]
[GameID "740758"]

1. d4 d5 2. Bf4 e6 3. e3 Nf6 4. Nd2 c5 5. c3 Nc6 6. Ngf3 Be7 7. Bd3 O-O 8. Ne5 cxd4 9. exd4 Bd7 10. h4 h6
11. g4 Ne4 12. Nxe4 dxe4 13. Bxe4 Nxe5 14. dxe5 Bxh4 15. Qf3 Rb8 16. Rd1 Bg5 17. Bxg5 Qxg5 18. Rxd7 Qxe5 19. O-O Qg5 20. Qg3 g6
21. f4 Qc5+ 22. Kh2 h5 23. f5 exf5 24. gxf5 Qb6 25. fxg6 fxg6 26. Bxg6 Rxf1 27. Bh7+
1-0

[Event "FAHIJ II"]
[Site "SchemingMind.com"]
[Date "2023.12.30"]
[Round "-"]
[White "Chesswitchery"]
[Black "mmccaffe"]
[Result "0-1"]
[WhiteCountry "USA"]
[BlackCountry "USA"]
[WhiteElo "1565"]
[WhiteRD "57"]
[BlackElo "1864"]
[BlackRD "64"]
[GameID "740759"]

1. d4 Nf6 2. c4 e6 3. e3 d5 4. Nf3 Be7 5. Nc3 O-O 6. cxd5 exd5 7. Be2 c6 8. O-O Re8 9. Bd2 Bg4 10. h3 Bh5
11. Rc1 Nbd7 12. Re1 Ne4 13. a3 Nxd2 14. Qxd2 Nf6 15. Ne5 Bxe2 16. Qxe2 Bd6 17. Ng4 Qe7 18. Nxf6+ Qxf6 19. Rf1 Re7 20. Rcd1 Rae8
21. Rde1 h6 22. Qd3 Qh4 23. Nd1 g5 24. Qf5 Kg7 25. Kh1 Re4 26. f3 Qg3 27. f4 gxf4 28. Rf3 Qxe1+ 29. Kh2 fxe3+ 30. g3 R8e7
31. Qf6+ Kg8 32. Qxd6 Qxd1 33. Rf4 Rxf4 34. Qxf4 e2 35. Qg4+ Kf8 36. Qc8+ Re8
0-1

[Event "FAHIJ II"]
[Site "SchemingMind.com"]
[Date "2023.12.30"]
[Round "-"]
[White "marandreo"]
[Black "Chesswitchery"]
[Result "1-0"]
[WhiteCountry "ITA"]
[BlackCountry "USA"]
[WhiteElo "2247"]
[WhiteRD "191"]
[BlackElo "1565"]
[BlackRD "57"]
[GameID "740760"]

1. d4 d5 2. c4 e6 3. Nc3 Nf6 4. cxd5 exd5 5. Bg5 Be7 6. e3 O-O 7. Bd3 h6 8. Bf4 c6 9. h3 Be6 10. Nge2 Nbd7
11. O-O Nh5 12. Bh2 f5 13. Na4 b5 14. Nc5 Nxc5 15. dxc5 Bxc5 16. Rc1 Bd6 17. Bxd6 Qxd6 18. Nd4 Bd7 19. Qxh5 Be8 20. Nxf5 Qf6
21. Qg4 Bd7 22. Nxh6+ Qxh6 23. Qxd7 Rfc8 24. Bxb5 Rd8 25. Qxc6 Qg5 26. Qe6+ Kh8 27. Bd3 a5 28. Rc7 a4 29. Qg6 Qxg6 30. Bxg6 Rd6
31. Bf5 Rf6 32. Rc8+ Rxc8 33. Bxc8 Rc6 34. Bb7 Rc2 35. Bxd5 Rxb2 36. g4 a3 37. Kg2 Rd2 38. e4
1-0

[Event "FAHIJ II"]
[Site "SchemingMind.com"]
[Date "2023.12.31"]
[Round "-"]
[White "Ronald R. Nurmi"]
[Black "Chesswitchery"]
[Result "1-0"]
[WhiteCountry "USA"]
[BlackCountry "USA"]
[WhiteElo "1748"]
[WhiteRD "81"]
[BlackElo "1565"]
[BlackRD "57"]
[GameID "740761"]

1. d4 d5 2. c4 e6 3. Nf3 Nf6 4. Nc3 c5 5. cxd5 exd5 6. Bg5 cxd4 7. Bxf6 gxf6 8. Qxd4 Be6 9. e3 Nc6 10. Qd2 Bb4
11. Rc1 Qa5 12. a3 Bxc3 13. Qxc3 Qxc3+ 14. Rxc3 Rc8 15. Bd3 Ke7 16. b4 Ne5 17. Kd2 Nxd3 18. Kxd3 Bf5+ 19. Kd4 Rxc3 20. Kxc3 Rc8+
21. Kb3 Ke6 22. Nd4+ Ke5 23. Nxf5 Kxf5 24. h3 h5 25. Rd1 Ke4 26. Rd4+ Ke5 27. Rh4 Rg8 28. Rxh5+ Rg5 29. Rxg5+ fxg5 30. g3 b5
31. h4 gxh4 32. gxh4 f5 33. h5 Kf6 34. Kc3 a6 35. f4 Ke6 36. Kd4 Kf6 37. Kxd5 Kg7 38. Ke6 Kh6 39. Kxf5 Kxh5 40. e4 Kh4
41. e5
1-0

[Event "FAHIJ II"]
[Site "SchemingMind.com"]
[Date "2023.12.30"]
[Round "-"]
[White "Chesswitchery"]
[Black "Aba"]
[Result "1-0"]
[WhiteCountry "USA"]
[BlackCountry "ISR"]
[WhiteElo "1565"]
[WhiteRD "57"]
[BlackElo "1743"]
[BlackRD "74"]
[GameID "740762"]

1. d4 Nf6 2. c4 e6 3. Nf3 d5 4. e3 c5 5. Nc3 Nc6 6. cxd5 exd5 7. Bb5 cxd4 8. Bxc6+ bxc6 9. exd4 h6 10. O-O Bb4
11. Re1+ Be6 12. Bd2 a5 13. a3 Bd6 14. Ne5 Qb6 15. Bc1 c5 16. Na4 Qc7 17. h3 Ne4 18. f3 Ng3 19. Bf4 Nh5 20. Bh2 c4
21. Nc3 O-O-O 22. Nb5 Qb7 23. Nxd6+ Rxd6 24. Nxf7 Bxf7 25. Bxd6 Bg6 26. Qd2 Bd3 27. Qxa5 Bf5 28. Qc5+ Kd8 29. Be7+ Ke8 30. Bh4+ Kf7
31. Re7+
1-0

[Event "FAHIJ II"]
[Site "SchemingMind.com"]
[Date "2023.12.30"]
[Round "-"]
[White "Chesswitchery"]
[Black "Phillip Beckett"]
[Result "0-1"]
[WhiteCountry "USA"]
[BlackCountry "ENG"]
[WhiteElo "1565"]
[WhiteRD "57"]
[BlackElo "1499"]
[BlackRD "52"]
[GameID "740763"]

1. d4 d5 2. c4 e6 3. e3 Nf6 4. Nf3 Be7 5. Nc3 c6 6. cxd5 exd5 7. Be2 O-O 8. O-O Nbd7 9. Bd2 Re8 10. Rc1 Nf8
11. Ne5 Ng6 12. Nxg6 fxg6 13. h3 Bd6 14. Re1 Ne4 15. Bf3 Bf5 16. Nxe4 Bxe4 17. Bxe4 Rxe4 18. f3 Re8 19. Bc3 Qh4 20. Re2 Qg3
21. Kf1 Qh2 22. Rf2 Bg3 23. Ke2 Bxf2 24. Kxf2 Rf8 25. Qg1 Qxg1+ 26. Kxg1 Rae8 27. Re1 Rf7 28. a4 Rfe7 29. Kf2 g5 30. Bb4 Re6
31. g4 Rh6 32. Kg3 b6 33. Bd2 Rhe6 34. b4 g6 35. Kf2 h5 36. gxh5 gxh5 37. Rg1 Rg6 38. f4 h4 39. Rxg5 Rxg5 40. fxg5 Re4
41. Kf3 Kg7 42. b5 cxb5 43. axb5 Kg6 44. Bb4 Kxg5 45. Bd6 Re6 46. Bf4+ Kf5 47. Bb8 Re7 48. Bd6 Rd7 49. Be5 a5 50. bxa6 Ra7
51. Ke2 Rxa6 52. Bc7 b5 53. Bd8 b4 54. Bxh4 b3 55. Kd2 Rc6 56. Kd3 b2
0-1

[Event "FAHIJ II"]
[Site "SchemingMind.com"]
[Date "2023.12.30"]
[Round "-"]
[White "Chesswitchery"]
[Black "pmdpsp"]
[Result "0-1"]
[WhiteCountry "USA"]
[BlackCountry "GER"]
[WhiteElo "1565"]
[WhiteRD "57"]
[BlackElo "1667"]
[BlackRD "72"]
[GameID "740764"]

1. d4 Nf6 2. c4 e6 3. e3 d5 4. Nf3 Bb4+ 5. Bd2 a5 6. a3 Be7 7. Nc3 O-O 8. cxd5 Nxd5 9. Bd3 Nf6 10. O-O b6
11. Ne4 Bb7 12. Nxf6+ Bxf6 13. e4 Bxd4 14. Qc2 e5 15. Bc3 Bxc3 16. Qxc3 f6 17. Bc4+ Kh8 18. Rad1 Qe7 19. Rfe1 Na6 20. Bd5 Bxd5
21. exd5 Rfd8 22. Nh4 Qc5 23. Qf3 Rd7 24. d6 c6 25. Qd3 Nc7 26. Nf5 Rad8 27. Rc1 Qb5 28. Qd2 Ne8 29. Red1 c5 30. Rc3 c4
31. Qe2 Nxd6 32. Nxd6 Rxd6 33. Rxd6 Rxd6 34. h3 Rd4 35. Qc2 Qd5 36. Qa4 h6 37. Qe8+ Kh7 38. Rg3 Qg8 39. Qg6+ Kh8 40. Qf5 b5
41. Qf3 Rd3 42. Qc6 Rxg3 43. fxg3 b4 44. axb4 axb4 45. g4 Qf7 46. Qe4 Qa7+ 47. Kh2 Qd4 48. Qa8+ Kh7 49. Qf3 Qf4+ 50. Qxf4 exf4
51. Kg1 c3 52. bxc3 bxc3
0-1

[Event "FAHIJ II"]
[Site "SchemingMind.com"]
[Date "2023.12.31"]
[Round "-"]
[White "malcolm chugg"]
[Black "Chesswitchery"]
[Result "0-1"]
[WhiteCountry "WLS"]
[BlackCountry "USA"]
[WhiteElo "1134"]
[WhiteRD "52"]
[BlackElo "1565"]
[BlackRD "57"]
[GameID "740765"]

1. e3 Nf6 2. d4 e6 3. Nf3 d5 4. Nc3 c5 5. Bd3 Nc6 6. O-O cxd4 7. Nxd4 Bd7 8. f4 Nxd4 9. exd4 Qb6 10. Be2 Bd6
11. g4 Qc7 12. Qd2 Bb4 13. a3 Ne4 14. Qd3 Bxc3 15. bxc3 Qxc3 16. Qxc3 Nxc3 17. Bd3 Bb5 18. Rf3 Bxd3 19. Rxd3 Ne2+ 20. Kf2 Nxc1
21. Rxc1 O-O 22. c4 dxc4 23. Rdc3 b5 24. a4 a6 25. a5 Rad8 26. Rd1 f6 27. h3 e5 28. Ke3 exd4+ 29. Kf3 dxc3 30. Rc1 Rd3+
31. Ke4 Re8+ 32. Kf5 Rd5#
0-1

[Event "FAHIJ II"]
[Site "SchemingMind.com"]
[Date "2023.12.30"]
[Round "-"]
[White "Chesswitchery"]
[Black "Chessibelle"]
[Result "1-0"]
[WhiteCountry "USA"]
[BlackCountry "ENG"]
[WhiteElo "1565"]
[WhiteRD "57"]
[BlackElo "1055"]
[BlackRD "56"]
[GameID "740766"]

1. d4 e6 2. c4 d6 3. Nf3 h6 4. Nc3 f6 5. e4 Be7 6. Bd3 e5 7. d5 c6 8. O-O a6 9. Nh4 g5 10. Qh5+ Kd7
11. Ng6 Rh7 12. Nxe7 Kxe7 13. Qg6 Rf7 14. Be2 c5 15. Qh5 Bd7 16. Bg4 Be8 17. Be6 Rg7 18. Qg4 Kf8 19. Bxg8 Rxg8 20. h4 h5
21. Qf3 Nd7 22. Bxg5 Rh8 23. b3 Bg6 24. Rfe1 Kg7 25. Bd2 b6 26. Qg3 f5 27. exf5 Kf6 28. Qxg6+ Ke7 29. Bg5+ Nf6 30. Bxf6+ Kd7
31. Bxd8
1-0

[Event "FAHIJ II"]
[Site "SchemingMind.com"]
[Date "2024.01.01"]
[Round "-"]
[White "JAHI"]
[Black "Chesswitchery"]
[Result "1-0"]
[WhiteCountry "INT"]
[BlackCountry "USA"]
[WhiteElo "2204"]
[WhiteRD "80"]
[BlackElo "1593"]
[BlackRD "63"]
[GameID "740767"]

1. a3 d5 2. a4 e6 3. Na3 Bxa3 4. Rxa3 Nf6 5. d3 b6 6. Bg5 Nbd7 7. a5 a6 8. e3 h6 9. Bxf6 Qxf6 10. c3 b5
11. d4 c5 12. Nf3 O-O 13. Bd3 c4 14. Be2 e5 15. dxe5 Nxe5 16. Qxd5 Be6 17. Qxe5 Qe7 18. Nd4 Qd7 19. Nxe6 Qxe6 20. Qxe6 fxe6
21. Ra1 Rfd8 22. Rd1 Rf8 23. Bf3 Ra7 24. Rd6 e5 25. Bd5+ Kh8 26. Ke2
1-0

[Event "FAHIJ II"]
[Site "SchemingMind.com"]
[Date "2023.12.31"]
[Round "-"]
[White "Chesswitchery"]
[Black "eliecercruzr"]
[Result "0-1"]
[WhiteCountry "USA"]
[BlackCountry "CUB"]
[WhiteElo "1565"]
[WhiteRD "57"]
[BlackElo "2292"]
[BlackRD "59"]
[GameID "740769"]

1. d4 Nf6 2. c4 e6 3. e3 d5 4. Nf3 Be7 5. Nc3 O-O 6. cxd5 exd5 7. Bd3 Bd6 8. O-O Re8 9. Bd2 c6 10. h3 Nbd7
11. Re1 Ne4 12. Rc1 Ndf6 13. a3 a5 14. Qc2 h6 15. Rf1 Bf5 16. Nh4 Bd7 17. Nf3 Qc8 18. Rfe1 Bxh3 19. g3 Bxg3 20. fxg3 Qg4
21. Nxe4 Nxe4 22. Re2 Qxg3+ 23. Kh1 Qxf3+ 24. Kh2 Qg3+ 25. Kh1 Bg4 26. Bxe4 Rxe4 27. Rg2 Qh3+ 28. Kg1 Bf3 29. Be1 Bxg2 30. Qxg2 Qxe3+
0-1